Advanced Accounts (Record no. 2857)

MARC details
000 -LEADER
fixed length control field 00335nam a2200145Ia 4500
008 - FIXED-LENGTH DATA ELEMENTS--GENERAL INFORMATION
fixed length control field 191201s2007 xx 000 0 und d
082 ## - DEWEY DECIMAL CLASSIFICATION NUMBER
Classification number 657
Item number SHA
100 ## - MAIN ENTRY--PERSONAL NAME
Personal name SHUKLA, M C
245 #0 - TITLE STATEMENT
Title Advanced Accounts
250 ## - EDITION STATEMENT
Edition statement 1st Rep.
260 ## - PUBLICATION, DISTRIBUTION, ETC. (IMPRINT)
Place of publication, distribution, etc N.Delhi
Name of publisher, distributor, etc S Chand and Co. Ltd.
Date of publication, distribution, etc 2007
300 ## - PHYSICAL DESCRIPTION
Extent 32.8
650 ## - SUBJECT ADDED ENTRY--TOPICAL TERM
Topical term or geographic name as entry element MBA
942 ## - ADDED ENTRY ELEMENTS (KOHA)
Source of classification or shelving scheme Dewey Decimal Classification
Koha item type Text Books
Holdings
Withdrawn status Lost status Source of classification or shelving scheme Damaged status Not for loan Collection code Home library Current library Date acquired Source of acquisition Cost, normal purchase price Bill Number Total Checkouts Full call number Acc. no. / Barcode Date last seen Bill Date Koha item type Checked out Date last borrowed
    Dewey Decimal Classification     MBA PIET C-LIBRARY PIET C-LIBRARY 18/08/2007 J B C, New Delhi 680.00 704   657 SHA 6381 04/12/2019 28/07/2007 Text Books    
    Dewey Decimal Classification     MBA PIET C-LIBRARY PIET C-LIBRARY 18/08/2007 J B C, New Delhi 680.00 704   657 SHA 6382 04/12/2019 28/07/2007 Text Books    
    Dewey Decimal Classification     MBA PIET C-LIBRARY PIET C-LIBRARY 18/08/2007 J B C, New Delhi 680.00 704 1 657 SHA 6383 18/11/2025 28/07/2007 Text Books 02/12/2025 18/11/2025
    Dewey Decimal Classification     MBA PIET C-LIBRARY PIET C-LIBRARY 18/08/2007 J B C, New Delhi 680.00 704   657 SHA 6384 04/12/2019 28/07/2007 Text Books    

Design & Developed by: PIET Central Library
R70 Miles Stone Pattikalyana Samalkha Panipat 132102
mail ID :- [email protected], Phone No:- 0180-2569700 Ex.216